Holandský Westland - srdce skleníkového hospodářství

Bibliographic Details
Main Author: bor (Author)
Format: Article
Language:Czech
PhysicalDescription:Tab. 2
ISSN:0139-9470
Subjects:

MARC

LEADER 00000nab a2200000 a 4500
001 vtls000475954
003 SK-MaSNL
005 20260304055051.0
008 120927c1993 xo 0 cze
015 |a SNBRB19rr/mm-uuuuu 
035 |a CL0476088 
040 |a SNKBUCL  |b slo  |c SNKBUCL  |e AACR2 
041 0 |a cze 
044 |a xo  |c SK 
080 |a 631.544(492)  |2 1981 
080 |a 634(492):631.544  |2 1981 
080 |a 635(492):631.544  |2 1981 
100 1 |a bor.  |4 aut  |9 848152 
245 1 0 |a Holandský Westland - srdce skleníkového hospodářství  |c Bor. 
300 |b Tab. 2 
650 0 7 |a hospodárstvo skleníkové  |2 snkbucl  |9 927996 
651 7 |a Holandsko  |2 snkbucl  |9 17433 
655 7 |a články z novín a časopisov  |2 snkbucl  |9 267496 
773 0 |t Záhradníctvo  |g Roč. 18, č. 1 (1993), s. 17-18  |x 0139-9470 
850 |a Slovenská národná knižnica v Martine  |a MTA001 
852 |a SNK  |b KIS3GCP 
958 |a RK 
992 |a RBX 
999 |c 2722113  |d 2724043